| 000 | 01094nmm a2200301 a 4500 | ||
|---|---|---|---|
| 001 | ocm000984829 | ||
| 003 | TR-IsHL | ||
| 005 | 20201028153811.0 | ||
| 008 | 150411s2014 tu tur | ||
| 007 | cr cn | ||
| 020 | _a9789759116071 | ||
| 035 |
_a984829 _b(N$T) |
||
| 050 | 0 | 4 |
_aPL239 _b.D87 2014 |
| 090 | 0 | 4 |
_aPL239 _b.D87 2014 |
| 245 | 1 | 0 |
_aDüşten Düşe Roman Kahramanları: TOBB ETÜ Roman Kahramanım Yazı Yarışması I _h[electronic resource] / _cyayına hazırlayanlar Mustafa Bal, Selma Alpay Aslan |
| 260 |
_aAnkara : _bTOBB Ekonomi ve Teknoloji Üniversitesi, _c2014 |
||
| 300 | _a144 p. | ||
| 650 | 4 | _aDil ve Edebiyat | |
| 650 | 4 | _aLanguage and Literature | |
| 650 | 0 | _aTürk nesir edebiyatı | |
| 650 | 0 | _aTurkish prose literature | |
| 650 | 0 |
_aTürk edebiyatı _x Yarışmalar |
|
| 650 | 0 |
_aTurkish literature _x Competitions |
|
| 650 | 7 |
_aLITERARY COLLECTIONS / Middle Eastern _2bisacsh |
|
| 700 | 1 | _aBal, Mustafa | |
| 700 | 1 | _aAslan, Selma Alpay | |
| 856 | 4 | 0 | _uhttp://search.ebscohost.com/login.aspx?direct=true&scope=site&db=e011xww&AN=984829 |
| 999 |
_c12239 _d12239 |
||